Storia d'Italia #6. XVI sec. - Statistics

Statistiche generali
  • Questo quiz è stato fatto 116 volte
  • Il punteggio medio è 14 su 20
Statistiche sulle risposte
Domanda Risposta % Corretto
A Roma è attivo anche questo pittore, scultore, poeta e architetto, autore di opere immortali come la Pietà, la volta della Cappella Sistina e la cupola di San Pietro Michelangelo Buonarroti
99%
Il nuovo continente scoperto da Colombo alla fine del Quattrocento viene nominato America in onore di questo navigatore fiorentino Amerigo Vespucci
95%
Il Cinquecento in Italia è così chiamato per il generale clima di risveglio culturale che caratterizza le città della penisola Rinascimento
95%
Nel 1527 muore a Firenze l'autore del Principe, spesso ritenuto il fondatore della scienza politica moderna Niccolò Machiavelli
93%
A differenza di altri paesi europei, in Italia non prende piede questo movimento religioso nato in Germania Riforma
93%
In ambito letterario, una delle voci principali è l'emiliano autore del poema Orlando furioso Ludovico Ariosto
88%
L'altro tra i maggiori poeti del Cinquecento italiano è l'autore della Gerusalemme liberata Torquato Tasso
85%
Tra il 1545 e il 1563 in questa città si tiene l'importante concilio con cui la Chiesa cattolica avvia la sua controrifoma Trento
84%
L'invasione del re di questo paese, Carlo VIII, dà via al lungo periodo di conflitti noti come "guerre d'Italia" che caratterizzano la prima metà del secolo nella penisola Francia
83%
Fra i grandi artisti del periodo figura questo pittore urbinate, autore ad esempio della Scuola di Atene nelle Stanze Vaticane Raffaello Sanzio
82%
Monsignor Giovanni della Casa scrive questo testo, che diventerà di riferimento nell'ambito delle buone maniere Galateo
70%
Il XVI secolo si chiude con il rogo, a Roma, di questo intellettuale Giordano Bruno
70%
Fra le maggiori personalità artistiche del secolo figura il lombardo Michelangelo Merisi, celebre per le sue tele e per la sua vita sregolata, meglio noto con questo soprannome Caravaggio
67%
In questa città, nel 1516, viene istituito il primo ghetto ebraico d'Europa Venezia
65%
Nel 1527 Roma viene saccheggiata da questi mercenari luterani al servizio dell'imperatore Carlo V d'Asburgo Lanzichenecchi
59%
A Vicenza e Venezia è attivo nel Cinquecento uno dei più grandi architetti di tutti i tempi Andrea Palladio
44%
1503, presso questa città pugliese, alcuni cavalieri italiani sconfiggono dei cavalieri francesi in una famosa "disfida" Barletta
41%
A Venezia sono attivi diversi artisti di fama, e tra essi spicca l'autore della pala dell'Assunta e del Concerto campestre Tiziano Vecellio
40%
Nel 1557, all'interno dell'esercito sabaudo viene fondato il reggimento che fungerà da guardia reale, e che oggi svolge il compito di guardia del presidente della Repubblica Italiana Corazzieri
28%
Fra i maggiori filosofi del secolo figura questo frate calabrese, autore della Città del Sole Tommaso Campanella
27%
Nessun quiz corrispondente trovato
Distribuzione punteggi
Percentuale di utenti per punteggio
Percentile per numero di risposta
I tuoi punteggi nel tempo
Non hai fatto questo quiz